Modern-Day Countries of the Sasanian Empire on a Map - Statistics

General Stats
  • This quiz has been taken 3,723 times
  • The average score is 23 of 23
Answers on the Map
Answers color-coded by a green-red scale on the quiz's map according to % correct below.
 
Answer Stats
Countries % Correct
Egypt
100%
Iran
100%
Iraq
100%
Saudi Arabia
100%
Syria
100%
Turkey
100%
Afghanistan
99%
Armenia
99%
Azerbaijan
99%
Georgia
99%
Israel
99%
Jordan
99%
Kuwait
99%
Lebanon
99%
Libya
99%
Oman
99%
Pakistan
99%
Qatar
99%
United Arab Emirates
99%
Bahrain
98%
Russia
98%
Turkmenistan
98%
Yemen
95%
No matching quizzes found
Score Distribution
Percent of People with Each Score
Percentile by Number Answered
Your Score History
You have not taken this quiz